Prima domesticazione degli animali - Statistics

Statistiche generali
  • Questo quiz è stato fatto 201 volte
  • Il punteggio medio è 8 su 15
Statistiche sulle risposte
Quando? Animale domestico % Corretto
13000 BCE Cane
100%
8000 - 7500 BCE Gatto
100%
8000 BCE Bovino
91%
3500 BCE Cavallo
89%
9000 BCE Maiale
84%
9000 - 8500 BCE Pecora
84%
10000 BCE Capra
82%
5000 BCE Asino
66%
6000 BCE Pollo
45%
4000 BCE Cammello
28%
4000 BCE Anatra
21%
5000 BCE Porcellino d'India
6%
4000 BCE Apis
3%
4000 BCE Bufalo d'acqua
2%
8000 BCE Zebu
2%
Nessun quiz corrispondente trovato
Distribuzione punteggi
Percentuale di utenti per punteggio
Percentile per numero di risposta
I tuoi punteggi nel tempo
Non hai fatto questo quiz